Willens (Record no. 144426)
[ view plain ]
| 000 -LEADER | |
|---|---|
| campo de control de longitud fija | 00582nam a2200193 4500 |
| 001 - NÚMERO DE CONTROL | |
| campo de control | 144426 |
| 003 - IDENTIFICADOR DE NÚMERO DE CONTROL | |
| campo de control | ES-MaACL |
| 005 - FECHA Y HORA DE LA ÚLTIMA TRANSACCIÓN | |
| campo de control | 20230906201020.0 |
| 007 - CAMPO FIJO DE DESCRIPCIÓN FÍSICA--INFORMACIÓN GENERAL | |
| campo de control de longitud fija | t| |
| 008 - DATOS DE LONGITUD FIJA--INFORMACIÓN GENERAL | |
| campo de control de longitud fija | 070214s1911 gw r ||||1| ger d |
| 100 1# - ENTRADA PRINCIPAL--NOMBRE DE PERSONA | |
| Nombre de persona | Siske, Georg. |
| 9 (RLIN) | 106690 |
| 245 10 - MENCIÓN DEL TÍTULO | |
| Título | Willens |
| Resto del título | : und Charakterbildung bei Johann Ludwig Vives (1492-1540) / |
| Mención de responsabilidad, etc. | von Dr. Georg Siske. |
| 260 ## - PUBLICACIÓN, DISTRIBUCIÓN, ETC. | |
| Lugar de publicación, distribución, etc. | Langensalza : |
| Nombre del editor, distribuidor, etc. | H. Beyer, |
| Fecha de publicación, distribución, etc. | 1911. |
| 300 ## - DESCRIPCIÓN FÍSICA | |
| Extensión | 91 p. |
| 490 1# - MENCIÓN DE SERIE | |
| Mención de serie | Pèadagogisches Magazin ; |
| Designación de volumen o secuencia | 460 |
| 830 0# - PUNTO DE ACCESO ADICIONAL DE SERIE-TÍTULO UNIFORME | |
| Título uniforme | Pèadagogisches Magazin ; |
| Designación de volumen o secuencia | 460 |
| 9 (RLIN) | 220673 |
| 852 ## - LOCALIZACIÓN | |
| Ubicación | ES-MaACL |
| Número de control de estantería | 1648-F-8 |
| Estatus retirado | Estado de pérdida | Estado de daño | No para préstamo | Colección | Biblioteca de origen | Biblioteca actual | Ubicación en estantería | Fecha de adquisición | Fuente de adquisición | Total de préstamos | Signatura topográfica completa | Código de barras | Visto por última vez | Precio de reemplazo | Tipo de ítem Koha |
|---|---|---|---|---|---|---|---|---|---|---|---|---|---|---|---|
| Colección de folletos | Biblioteca del Ateneo de Madrid | Biblioteca del Ateneo de Madrid | Depósito folletos | 17/01/2008 | 1648-F-8 | 1150266 | 23/02/2023 | 23/02/2023 | Folleto |
